000 00744nam a2200229 4500
003 LK-CoMWRAF
005 20231211155228.0
008 231211b2001 |||||||| |||| 00| 0 eng d
020 _a9555820082
040 _aLK-CoMWRAF
_dLK-CoMWRAF
_eLK-CoMWRAF
041 _aeng
082 _a305.8
_bJAY
100 _aJayaweera, Stanley
130 _aA history of ethnic conflict in Sri Lanka: recollection, reinterpretation & reconciliation
245 _a The ethnic conflict and Sinhala consciousness
260 _aColombo:
_bMarga Institute,
_c2001
300 _a12 p. ; 23 cm
490 _aMarga monograph series on ethnic reconciliation
_vno. 3
650 _aEthnic conflict- Sri Lanka
650 _aGroup identity- Sri Lanka
942 _cBK
999 _c4347
_d4347